000 00366nam a2200133Ia 4500
008 151001s9999||||xx |||||||||||||| ||und||
100 _aमधुकर तोरडमल
245 _aतुंबडया
250 _a1
260 _bराजेंद्र प्रकाशन ठाणे
260 _c2007
300 _a159
365 _b21
999 _c994583
_d994580